| 000 | 00665nam a22002417a 4500 | ||
|---|---|---|---|
| 003 | UA-OsUOA | ||
| 001 | 23953 | ||
| 007 | ta | ||
| 008 | 20040203b un ||||| |||| 00| 0 ukr d | ||
| 090 |
_a811.111(075.8) _bA10 |
||
| 942 | _cBK | ||
| 040 |
_aUA-OsUOA _brus _cUA-OsUOA _dUA-OsUOA |
||
| 245 |
_a45 тем школьной программы по английскому языку _bДля старшекласников и абитуриентов |
||
| 300 | _a63 с. | ||
| 955 | _a0 | ||
| 041 | _arus | ||
| 080 | _a811.111(075.8) | ||
| 020 | _a5-86473-005-Х | ||
| 260 |
_aМосква _bВИП _c1997 |
||
| 044 | _aRU | ||
| 650 | 7 | _2UDC | |
| 999 |
_c310215 _d310215 |
||